000 00975nam a22002297a 4500
999 _c177567
_d177567
005 20210407162804.0
010 _aB-739309-311 B-739725
020 _a9789351952879
_c299.00
035 _aB-739309-311
035 _aB-739725
037 _bHachette India
037 _bGift
082 _a485
100 _aBlyton, Enid
245 _aI love puzzles:
_bfun with puzzles and riddles /
_cby Enid Blyton
260 _bHachette Book Publishing
_aGurugram
_c2019
270 _a4th and 5th Floors, Corporate Centre, Plot No. 94, Sector 44
_bGurugram
_e122003
300 _a106p.:
_bill.
_c23cm(pbk)
942 _2ddc
_cCH
_mBLY
_h485